00445 a2200145 4500010001400000020002300014035001300037037001500050082001100065100001800076245008500094260003700179270005500216300002800271 aENG-88050 a8189901176c890.00 aEN-71583 bDBAD / PUB14a341.231 aMehrish, B.N.1 aThe United Nations in the new millenniumba changing scenario /cby B.N. Mehrish aDelhibAcademic Excellencec2007 a42, Ekta Apartments, Geeta Colony,bDelhie110 031 avii, 350 p.c22 cm (HB)